01040nam a2200277 i 4500003000900000005001700009007000300026008004100029020001600070040003000086082001300116245012000129264004700249300004000296336002700336337003400363338002800397500005000425504004200475590002700517700004700544910001400591942001400605952012600619999001700745DO-SdBNP20250702102125.0ta240918s1997 xxuc 000 0 spa d a0824209060  aDO-SdBNPbspacBNPHUerda bN74422200aNobel prize winners 1992-1996 supplement :ban H. W. Wlinson biographical dictionary /cedición Clifford Thompson 1aNueva York : bH.W. Wilson company,c1997. a165 páginas, bretratosc26 cm. 2rdacontentatextobtxt 2rdamediaasin mediación bn 2rdacarrieravolumenbnc aEl libro tiene un error de encuadernación.  aIncluye referencias bibliográficas. aInventariado, 2024/ YL1 4ed.aThompson, Clifford.eedición986613 aYLockward 2ddccLBS1 00102ddc56708GRaBNPHUbBNPHUcCTd2012-09-03eDonación l0oBNPHU GR N744p2024-5392r2024-09-18w2024-09-18yLBS1 c57713d57713